Professional nursing concepts : (Record no. 21689)
[ view plain ]
| 000 -LEADER | |
|---|---|
| fixed length control field | 00967cam a22002895a 4500 |
| 001 - CONTROL NUMBER | |
| control field | 18201534 |
| 005 - DATE AND TIME OF LATEST TRANSACTION | |
| control field | 20160503125851.0 |
| 008 - FIXED-LENGTH DATA ELEMENTS--GENERAL INFORMATION | |
| fixed length control field | 140623t2016 maua frbd 001 0 eng d |
| 020 ## - INTERNATIONAL STANDARD BOOK NUMBER | |
| International Standard Book Number | 9781284067767 (pbk.) |
| 040 ## - CATALOGING SOURCE | |
| Original cataloging agency | DNLM/DLC |
| Transcribing agency | DLC |
| Modifying agency | DLC |
| -- | EG-ScBUE |
| Language of cataloging | eng |
| 043 ## - GEOGRAPHIC AREA CODE | |
| Geographic area code | n-us--- |
| 082 04 - DEWEY DECIMAL CLASSIFICATION NUMBER | |
| Classification number | 610.73069 |
| Edition number | 22 |
| Item number | FIN |
| 100 1# - MAIN ENTRY--PERSONAL NAME | |
| Personal name | Finkelman, Anita Ward. |
| 9 (RLIN) | 39909 |
| 245 10 - TITLE STATEMENT | |
| Title | Professional nursing concepts : |
| Remainder of title | competencies for quality leadership / |
| Statement of responsibility, etc | Anita Finkelman, Carole Kenner. |
| 250 ## - EDITION STATEMENT | |
| Edition statement | 3rd ed. |
| 260 ## - PUBLICATION, DISTRIBUTION, ETC. (IMPRINT) | |
| Place of publication, distribution, etc | Burlington : |
| Name of publisher, distributor, etc | Jones & Bartlett Learning, |
| Date of publication, distribution, etc | c.2016. |
| 300 ## - PHYSICAL DESCRIPTION | |
| Extent | xiv, 538 p. : |
| Other physical details | ill. ; |
| Dimensions | 23 cm. |
| 500 ## - GENERAL NOTE | |
| General note | Glossary : p. 507-516. |
| 500 ## - GENERAL NOTE | |
| General note | Index : p. 517-538. |
| 500 ## - GENERAL NOTE | |
| General note | Includes access code inside : navigate 2 advantage access. |
| 504 ## - BIBLIOGRAPHY, ETC. NOTE | |
| Bibliography, etc | Includes bibliographical references. |
| 650 #7 - SUBJECT ADDED ENTRY--TOPICAL TERM | |
| Topical term or geographic name as entry element | Nursing |
| Geographic subdivision | United States. |
| Source of heading or term | BUEsh |
| 9 (RLIN) | 23191 |
| 651 ## - SUBJECT ADDED ENTRY--GEOGRAPHIC NAME | |
| Source of heading or term | BUEsh |
| 653 ## - INDEX TERM--UNCONTROLLED | |
| Resource For college | Nursing |
| Arrived date list | May2016 |
| 700 1# - ADDED ENTRY--PERSONAL NAME | |
| Personal name | Kenner, Carole, |
| 942 ## - ADDED ENTRY ELEMENTS (KOHA) | |
| Source of classification or shelving scheme | Dewey Decimal Classification |
| Withdrawn status | Item status | Source of classification or shelving scheme | Damaged status | Not for loan | Vendor | Home library | Current library | Shelving location | Date acquired | Source of acquisition | Cost, normal purchase price | Total Checkouts | Full call number | Barcode | Date last seen | Date last borrowed | Cost, replacement price | Koha item type |
|---|---|---|---|---|---|---|---|---|---|---|---|---|---|---|---|---|---|---|
| Dewey Decimal Classification | Alahram | Central Library | Central Library | First floor | 03/05/2016 | Purchase | 404.00 | 2 | 610.73069 FIN | 000032415 | 15/07/2025 | 09/03/2023 | 505.00 | Book - Borrowing |